00989nam a2200169 a 450000100100000000500170001000800410002704000250006808200140009310000380010724500670014526000660021230000200027850003250029895201790062399900170080200003236320200930065613.0110714s1944 dr 000 0 spa d aDO-SdBNPbspacBNPHU axxxbJ58g1 aJesús Mejía, Manuel de95835710aGuía viaria de Ciudad Trujillo /cManuel de Jesús Mejía. aCiudad Trujillo, República Dominicana :bLa Opinion,c1944. a59 p. ;c21 cm. aContiene en orden alfabético los nombres de las avenidas, paseos, calles, callejones, cuestas, plazas, parques, plazoletas, cementerios, aeródromos, barrios, ensanches y solares públicos de Ciudad Trujillo, el origen de sus denominaciones oficiales o populares, y en muchos casos sis nombres anteriores y antiguas. 001050718RVaPDbPDcCTd2011-07-14iLF1l0oxxx J58gp32363-10r2020-06-25w2020-06-25y1zPerteneció a la biblioteca personal de Carlos Larrazabal BlancoZNo se presta c31854d31854